[Event "Titled Tue 20th May Early"]
[Site "chess.com INT"]
[Date "2025.05.20"]
[Round "8"]
[White "Ibarra Jerez, Jose Carlos"]
[Black "Przybylski, Bartosz"]
[Result "1-0"]
[WhiteTitle "GM"]
[BlackTitle "CM"]
[WhiteElo "2545"]
[BlackElo "2107"]
[WhiteFideId "2226332"]
[BlackFideId "21878323"]
[EventDate "2025.05.20"]

1. Nf3 d6 2. d4 Nf6 3. Nc3 Nbd7 4. e4 e5 5. Bc4 Be7 6. a4 O-O 7. O-O c6 8. Re1
h6 9. Ba2 Re8 10. h3 a5 11. Be3 exd4 12. Nxd4 Bf8 13. Nf5 Ne5 14. f4 Ng6 15. Ng3
d5 16. e5 Nd7 17. Qf3 Bc5 18. Bxc5 Nxc5 19. Qf2 Na6 20. Rad1 Qh4 21. Rf1 Bd7 22.
Nce4 Bxh3 23. gxh3 dxe4 24. Rd7 Ne7 25. Qg2 Nc5 26. Rxe7 Qxe7 27. Nf5 Qf8 28.
Nxh6+ Kh7 29. Nxf7 Ne6 30. Bxe6 g6 31. f5 Qg7 32. fxg6+ Kg8 33. Bb3 1-0

[Event "Titled Tue 20th May Early"]
[Site "chess.com INT"]
[Date "2025.05.20"]
[Round "8"]
[White "Volkov, Maksim"]
[Black "Pakleza, Zbigniew"]
[Result "0-1"]
[WhiteTitle "FM"]
[BlackTitle "GM"]
[WhiteElo "2370"]
[BlackElo "2484"]
[WhiteFideId "54123070"]
[BlackFideId "1119290"]
[EventDate "2025.05.20"]

1. d4 d6 2. Nf3 Bg4 3. e4 Nf6 4. h3 Bh5 5. Nc3 e6 6. g4 Bg6 7. Qe2 c6 8. Bg2 d5
9. e5 Nfd7 10. Bg5 Be7 11. Bxe7 Qxe7 12. Qd2 a6 13. Ne2 c5 14. c3 Nc6 15. Nf4
Be4 16. O-O O-O 17. Ne2 Rfc8 18. Ng3 Bxf3 19. Bxf3 cxd4 20. cxd4 Qb4 21. Rfd1
Qxd2 22. Rxd2 Nb6 23. Be2 Rc7 24. Rc1 Rac8 25. Rdc2 Na8 26. Rd2 Nxd4 27. Rcd1
Nxe2+ 28. Nxe2 Nb6 29. b3 Nd7 30. f4 g5 31. fxg5 Nxe5 32. Nd4 Rc1 33. Kg2 Rxd1
34. Rxd1 Rc3 35. Re1 Nc6 36. Nf3 Rc2+ 37. Kg3 Rxa2 38. h4 Ra3 39. Re3 a5 40. h5
a4 41. g6 hxg6 42. hxg6 Rxb3 0-1

[Event "Titled Tue 20th May Early"]
[Site "chess.com INT"]
[Date "2025.05.20"]
[Round "8"]
[White "Dovgaliuk, Oleksandr"]
[Black "Porozhnyak, Maya"]
[Result "1-0"]
[BlackTitle "WCM"]
[WhiteElo "2240"]
[BlackElo "1974"]
[WhiteFideId "14167247"]
[BlackFideId "34115843"]
[EventDate "2025.05.20"]

1. e4 c5 2. Nf3 e6 3. d4 cxd4 4. Nxd4 a6 5. Be2 Nf6 6. Nc3 Bb4 7. Qd3 Qc7 8. O-O
d6 9. Qg3 Nbd7 10. Qxg7 Rg8 11. Qh6 Bxc3 12. bxc3 Nxe4 13. Nxe6 Qxc3 14. Bb2
Qxb2 15. Nc7+ Kd8 16. Nxa8 b5 17. Bf3 Ng5 18. Bd5 Rg6 19. Qh4 Nf6 20. Nb6 Nxd5
21. Nxd5 f6 22. Kh1 Bb7 23. Nf4 Rg7 24. Qh6 f5 25. Qxd6+ Kc8 26. Rae1 1-0

[Event "Titled Tue 20th May Early"]
[Site "chess.com INT"]
[Date "2025.05.20"]
[Round "8"]
[White "Jacobsen, Mikkel Manosri"]
[Black "Can, Melih Kaan"]
[Result "1-0"]
[WhiteTitle "FM"]
[BlackTitle "CM"]
[WhiteElo "2223"]
[BlackElo "2171"]
[WhiteFideId "1444514"]
[BlackFideId "6317383"]
[EventDate "2025.05.20"]

1. d4 Nf6 2. Nf3 g6 3. Bf4 d5 4. c3 Bg7 5. Nbd2 O-O 6. e3 c5 7. dxc5 Nc6 8. Be2
Nh5 9. Bg5 Bg4 10. h3 Bxf3 11. Bxf3 Nf6 12. O-O e5 13. e4 d4 14. cxd4 Nxd4 15.
Be2 h6 16. Be3 Qc7 17. Rc1 Rad8 18. b4 Nh7 19. Bc4 Kh8 20. Nb3 f5 21. exf5 gxf5
22. Nxd4 exd4 23. Bd2 f4 24. Qg4 Be5 25. Rfe1 f3 26. g3 Nf6 27. Qxf3 Rg8 28. Qf5
Bxg3 29. Qxf6+ Rg7 30. Bxh6 Be5+ 31. Bxg7+ Kh7 32. Qh6# 1-0

[Event "Titled Tue 20th May Early"]
[Site "chess.com INT"]
[Date "2025.05.20"]
[Round "8"]
[White "Dumanuly, Sultanbeibarys"]
[Black "Chiappero, Julio Alfredo"]
[Result "0-1"]
[WhiteTitle "FM"]
[BlackTitle "FM"]
[WhiteElo "2117"]
[BlackElo "2238"]
[WhiteFideId "13731963"]
[BlackFideId "139998"]
[EventDate "2025.05.20"]

1. e4 c5 2. Nf3 e6 3. d4 cxd4 4. Nxd4 Nc6 5. Nc3 Qc7 6. Be2 a6 7. O-O Nf6 8. Be3
Be7 9. f4 d6 10. Kh1 O-O 11. Qe1 Nxd4 12. Bxd4 b5 13. a3 Bb7 14. Bf3 Rad8 15.
Qg3 Rd7 16. Rad1 Re8 17. f5 e5 18. Be3 Kh8 19. Rd2 Bc6 20. Qf2 Qb7 21. Nd5 Bxd5
22. Rxd5 Nxd5 23. exd5 e4 24. Bxe4 Bf6 25. Bf3 Qc7 26. c3 Qc4 27. Qd2 Qxf1+ 28.
Bg1 Re1 0-1

[Event "Titled Tue 20th May Early"]
[Site "chess.com INT"]
[Date "2025.05.20"]
[Round "8"]
[White "Christie, Joshua"]
[Black "Barrientos, Ernesto"]
[Result "1/2-1/2"]
[WhiteTitle "FM"]
[BlackTitle "CM"]
[WhiteElo "2213"]
[BlackElo "2027"]
[WhiteFideId "7402074"]
[BlackFideId "3701247"]
[EventDate "2025.05.20"]

1. Nf3 c5 2. b3 g6 3. Bb2 Nf6 4. g3 Bg7 5. Bg2 O-O 6. O-O Nc6 7. c4 d5 8. cxd5
Nxd5 9. Bxg7 Kxg7 10. Nc3 Nxc3 11. dxc3 Qa5 12. Qd2 Bg4 13. h3 Bxf3 14. Bxf3 Qc7
15. Qe3 b6 16. Rad1 Rad8 17. Bxc6 Qxc6 18. Qxe7 Rde8 19. Qxa7 Rxe2 20. Qa6 Rfe8
21. a4 R8e3 22. Rd3 Re6 23. Qc4 Re1 24. Rd1 R1e2 25. b4 R2e4 26. Qb3 c4 27. Qa2
Re2 28. Rd2 Re1 29. Rd1 R1e2 30. Rd2 Re1 31. Rd1 R1e2 1/2-1/2

[Event "Titled Tue 20th May Early"]
[Site "chess.com INT"]
[Date "2025.05.20"]
[Round "8"]
[White "Jedryczka, Krystian"]
[Black "Svetlov, Dmitry"]
[Result "1-0"]
[BlackTitle "IM"]
[WhiteElo "2084"]
[BlackElo "2335"]
[WhiteFideId "1109472"]
[BlackFideId "24102610"]
[EventDate "2025.05.20"]

1. e4 c5 2. Nf3 d6 3. d4 cxd4 4. Qxd4 Nc6 5. Bb5 Bd7 6. Bxc6 bxc6 7. Nc3 e6 8.
O-O d5 9. exd5 cxd5 10. Re1 Ne7 11. Bg5 Qb6 12. Qh4 Nf5 13. Qf4 1-0

[Event "Titled Tue 20th May Early"]
[Site "chess.com INT"]
[Date "2025.05.20"]
[Round "8"]
[White "Aarav A"]
[Black "Burmakin, Evgeniy"]
[Result "1-0"]
[WhiteTitle "CM"]
[BlackTitle "FM"]
[WhiteElo "2207"]
[BlackElo "2110"]
[WhiteFideId "25162748"]
[BlackFideId "4163729"]
[EventDate "2025.05.20"]

1. e4 c5 2. c3 Nf6 3. e5 Nd5 4. Nf3 e6 5. d4 cxd4 6. cxd4 b6 7. Bc4 Bb7 8. O-O
Be7 9. Nc3 Nxc3 10. bxc3 O-O 11. Qe2 Nc6 12. Bd3 Na5 13. Bd2 Rc8 14. Rac1 d6 15.
exd6 Qxd6 16. Ne5 Qd5 17. Qg4 Bf6 18. Rfe1 Qxa2 19. Bg5 Bxg5 20. Qxg5 Rc7 21.
Qh4 g6 22. Ng4 Qd2 23. Rcd1 Qxc3 24. Re3 Qxd4 25. Nh6+ Kg7 26. Qxd4+ Kxh6 27.
Rh3+ Kg5 28. Qe5+ 1-0

[Event "Titled Tue 20th May Early"]
[Site "chess.com INT"]
[Date "2025.05.20"]
[Round "8"]
[White "Popov, Tikhon"]
[Black "Materia, Marco"]
[Result "0-1"]
[WhiteTitle "CM"]
[BlackTitle "IM"]
[WhiteElo "2173"]
[BlackElo "2489"]
[WhiteFideId "24252026"]
[BlackFideId "45150451"]
[EventDate "2025.05.20"]

1. e4 c6 2. d4 d5 3. e5 Bf5 4. Nc3 e6 5. g4 Bg6 6. Nge2 h6 7. Nf4 Bh7 8. Be3 Bb4
9. h4 Nd7 10. Nh5 Kf8 11. Bd3 Bxd3 12. Qxd3 c5 13. Kf1 Ne7 14. Ne2 cxd4 15. Bxd4
Nc6 16. f4 Nxd4 17. Nxd4 Qb6 18. Ng3 Bc5 19. Nb3 Be3 20. Ne2 Rc8 21. a4 a5 22.
Rh3 Bc5 23. Kg2 Be7 24. h5 Rc4 25. Rf3 Rg8 26. Ned4 g5 27. fxg5 Nxe5 28. Qe2
Nxf3 29. Nxf3 Rxg4+ 30. Kh3 Re4 31. Qd3 Re3 0-1

[Event "Titled Tue 20th May Early"]
[Site "chess.com INT"]
[Date "2025.05.20"]
[Round "8"]
[White "Harriott, Tyrell"]
[Black "Diachek, Andrii"]
[Result "1-0"]
[BlackTitle "CM"]
[WhiteElo "1924"]
[BlackElo "2226"]
[WhiteFideId "2086484"]
[BlackFideId "34106499"]
[EventDate "2025.05.20"]

1. d4 Nf6 2. e3 c5 3. f4 g6 4. Nf3 Bg7 5. Bd3 b6 6. O-O Ba6 7. c3 Bxd3 8. Qxd3
d5 9. Nbd2 O-O 10. f5 Nc6 11. fxg6 hxg6 12. Ng5 e5 13. e4 cxd4 14. exd5 dxc3 15.
Qh3 cxd2 16. Bxd2 Re8 17. Rxf6 Qxf6 18. dxc6 Qxc6 19. Bb4 Qc5+ 20. Bxc5 bxc5 21.
Rf1 Re7 22. Qh7+ Kf8 23. Qxg6 1-0

[Event "Titled Tue 20th May Early"]
[Site "chess.com INT"]
[Date "2025.05.20"]
[Round "8"]
[White "Harsh, Suresh"]
[Black "Micic, Aleksa"]
[Result "1-0"]
[WhiteTitle "IM"]
[BlackTitle "FM"]
[WhiteElo "2392"]
[BlackElo "2191"]
[WhiteFideId "45018464"]
[BlackFideId "989940"]
[EventDate "2025.05.20"]

1. e4 c5 2. Nc3 d6 3. f4 Nc6 4. Nf3 g6 5. Bc4 Bg7 6. O-O e6 7. Qe1 Nge7 8. d3
O-O 9. f5 gxf5 10. Bg5 Qe8 11. Nb5 fxe4 12. Nxd6 Qd7 13. Nxe4 Nd5 14. Bxd5 exd5
15. Nf6+ Bxf6 16. Bxf6 Re8 17. Qd2 Qg4 18. h3 Qh5 19. g4 Bxg4 20. hxg4 Qxg4+ 21.
Kf2 Qh5 22. Rh1 Kf8 23. Rxh5 1-0

[Event "Titled Tue 20th May Early"]
[Site "chess.com INT"]
[Date "2025.05.20"]
[Round "8"]
[White "Kilic, Eray"]
[Black "Kozak, Antoni"]
[Result "1-0"]
[WhiteTitle "IM"]
[WhiteElo "2469"]
[BlackElo "2426"]
[WhiteFideId "44517173"]
[BlackFideId "21832030"]
[EventDate "2025.05.20"]

1. e4 d6 2. d4 g6 3. Nc3 Bg7 4. f4 e6 5. Nf3 Ne7 6. Bd3 a6 7. O-O b5 8. a4 b4 9.
Ne2 c5 10. dxc5 dxc5 11. Be3 Qc7 12. c3 c4 13. Bb1 a5 14. Ned4 O-O 15. Nb5 Qc6
16. Nfd4 Qb6 17. Nf5 Qb7 18. Nxg7 Kxg7 19. Qd4+ f6 20. Qxc4 Nbc6 21. Bc5 Rd8 22.
Ba2 Ng8 23. Rad1 Bd7 24. Rd6 Rac8 25. Rfd1 bxc3 26. bxc3 Nb8 27. Qd4 Kh6 28. f5
Nc6 29. Qe3+ g5 30. fxe6 Be8 31. h4 Bg6 32. hxg5+ fxg5 33. Rxd8 Rxd8 34. Rxd8
Nxd8 35. Bf8+ Kh5 36. Qh3# 1-0

[Event "Titled Tue 20th May Early"]
[Site "chess.com INT"]
[Date "2025.05.20"]
[Round "8"]
[White "Chen, Yidong"]
[Black "Winkels, Marcel"]
[Result "1-0"]
[BlackTitle "CM"]
[WhiteElo "2038"]
[BlackElo "1918"]
[WhiteFideId "8607028"]
[BlackFideId "1003887"]
[EventDate "2025.05.20"]

1. e4 c5 2. Nf3 d6 3. d4 cxd4 4. Nxd4 Nf6 5. Nc3 a6 6. Bg5 Nbd7 7. Bc4 Qc7 8.
Bb3 b5 9. a3 Bb7 10. O-O h6 11. Bxf6 Nxf6 12. Qe2 g6 13. Kh1 Bg7 14. f4 Nxe4 15.
Nxe4 Bxd4 16. Rad1 Bc5 17. Nf6+ Kf8 18. Nd5 Qd8 19. f5 gxf5 20. Rxf5 Qd7 21.
Rxf7+ Kxf7 22. Nb6+ Ke8 23. Nxd7 Kxd7 24. Qe6+ Ke8 25. Re1 d5 26. Bxd5 Bxd5 27.
Qxd5 Rc8 28. Qb7 Kf7 29. Qxa6 b4 30. Qe6+ 1-0

[Event "Titled Tue 20th May Early"]
[Site "chess.com INT"]
[Date "2025.05.20"]
[Round "8"]
[White "Hayrapetyan, Edgar"]
[Black "Szpar, Milosz"]
[Result "0-1"]
[WhiteTitle "FM"]
[BlackTitle "IM"]
[WhiteElo "2161"]
[BlackElo "2475"]
[WhiteFideId "13313568"]
[BlackFideId "1184989"]
[EventDate "2025.05.20"]

1. e4 e6 2. d4 d5 3. Nc3 Nf6 4. Bg5 dxe4 5. Nxe4 Nbd7 6. Nf3 h6 7. Bxf6 Nxf6 8.
Nxf6+ Qxf6 9. Bd3 Bd6 10. Qe2 Bd7 11. O-O O-O 12. Ne5 Rfd8 13. Qe4 g6 14. Nxd7
Rxd7 15. Qxb7 Rdd8 16. Qe4 Rab8 17. b3 Bb4 18. Qe3 Kg7 19. Qg3 Rd7 20. Rad1 Rbd8
21. c3 Bxc3 22. Bxg6 Bxd4 23. Be4+ Kh8 24. Rd3 Be5 25. Qh3 Qf4 26. Rg3 Rd1 27.
Bd3 R8xd3 0-1

[Event "Titled Tue 20th May Early"]
[Site "chess.com INT"]
[Date "2025.05.20"]
[Round "8"]
[White "Wanyama, Harold"]
[Black "Khoo-Thwe, Louis"]
[Result "1-0"]
[WhiteTitle "FM"]
[WhiteElo "2132"]
[BlackElo "2214"]
[WhiteFideId "10000380"]
[BlackFideId "1538756"]
[EventDate "2025.05.20"]

1. d4 d5 2. c4 dxc4 3. e3 Nf6 4. Bxc4 e6 5. Nf3 c5 6. O-O a6 7. Nc3 Nc6 8. a3
cxd4 9. exd4 Be7 10. h3 O-O 11. Be3 b5 12. Ba2 Bb7 13. Ne5 Nxe5 14. dxe5 Nd7 15.
f4 Bc5 16. Qe1 Qb6 17. Bxc5 Nxc5 18. Kh2 Rfd8 19. Rd1 Rxd1 20. Qxd1 Rd8 21. Qe2
Qc6 22. f5 Nd3 23. fxe6 fxe6 24. Rf3 b4 25. axb4 Nxb4 26. Bb1 Qc5 27. Rg3 Nc6
28. Qh5 Nxe5 29. Qxh7+ Kf7 30. Qxg7+ Ke8 31. Qxb7 Rd7 32. Qe4 Kd8 33. Qe3 Qd6
34. Qf4 Rg7 35. Rxg7 Nf3+ 36. Kg3 e5 37. Qxf3 1-0

[Event "Titled Tue 20th May Early"]
[Site "chess.com INT"]
[Date "2025.05.20"]
[Round "8"]
[White "Khafizova, Diana"]
[Black "Terkiewicz, Bruno"]
[Result "0-1"]
[WhiteTitle "WFM"]
[BlackTitle "CM"]
[WhiteElo "2073"]
[BlackElo "2183"]
[WhiteFideId "34378049"]
[BlackFideId "21093245"]
[EventDate "2025.05.20"]

1. d4 g6 2. e4 Bg7 3. Nc3 c5 4. Be3 Qb6 5. Na4 Qa5+ 6. c3 cxd4 7. Bxd4 e5 8. Be3
Nf6 9. f3 Nc6 10. Bd3 O-O 11. Ne2 d5 12. O-O dxe4 13. fxe4 Ng4 14. Bc5 Rd8 15.
b4 Qc7 16. h3 Nf6 17. Qc2 b6 18. Be3 Nh5 19. Rad1 Be6 20. Nb2 Rac8 21. Qb1 Rd7
22. Bc4 Bxc4 23. Nxc4 Rcd8 24. Rxd7 Rxd7 25. Qb3 Nd8 26. a4 Ne6 27. a5 b5 28.
Nd2 Rd3 29. Nf3 Rxe3 30. Kf2 Rxe2+ 31. Kxe2 Ng3+ 32. Kf2 Nxf1 33. Kxf1 h5 34.
Qd5 Qxc3 35. Qxb5 Qc1+ 36. Kf2 Qb2+ 37. Kg3 Bh6 38. Qe8+ Kg7 39. Qe7 Bf4+ 40.
Kh4 Qf2+ 41. g3 Bxg3# 0-1

[Event "Titled Tue 20th May Early"]
[Site "chess.com INT"]
[Date "2025.05.20"]
[Round "8"]
[White "Luong Phuong Hanh"]
[Black "Guerra Tulcan, Lenin"]
[Result "1-0"]
[WhiteTitle "WIM"]
[BlackTitle "IM"]
[WhiteElo "2144"]
[BlackElo "2310"]
[WhiteFideId "12401013"]
[BlackFideId "3601382"]
[EventDate "2025.05.20"]

1. d4 Nf6 2. Nf3 c5 3. d5 d6 4. Nc3 Nbd7 5. e4 g6 6. a4 Bg7 7. Be2 O-O 8. h3 b6
9. O-O Ne5 10. Nd2 g5 11. Nc4 h6 12. a5 Rb8 13. axb6 axb6 14. Nxe5 dxe5 15. Bb5
Ne8 16. Qe2 Nd6 17. Bc6 Bd7 18. Nb5 Bxc6 19. dxc6 Nxb5 20. Qxb5 Qc7 21. Rd1 Rfd8
22. Be3 Bf6 23. Rxd8+ Qxd8 24. Ra7 Rc8 25. Rd7 Qe8 26. Qxb6 h5 27. Bxc5 g4 28.
hxg4 hxg4 29. Qb7 Kf8 30. Bxe7+ Bxe7 31. Rxe7 Rxc6 32. Rxe8+ Kxe8 33. Qxc6+ 1-0

[Event "Titled Tue 20th May Early"]
[Site "chess.com INT"]
[Date "2025.05.20"]
[Round "8"]
[White "Ocampos, Ian"]
[Black "Tiitta, Sauli"]
[Result "1-0"]
[WhiteElo "2219"]
[BlackElo "2157"]
[WhiteFideId "117544"]
[BlackFideId "502251"]
[EventDate "2025.05.20"]

1. e4 g5 2. d4 h6 3. Bd3 d6 4. Ne2 Bg7 5. c3 Nc6 6. O-O e5 7. Be3 Nf6 8. Ng3 Qe7
9. Nd2 Bg4 10. f3 Bd7 11. Kh1 O-O-O 12. d5 Nb8 13. Bxa7 h5 14. c4 h4 15. Nf5
Bxf5 16. exf5 Nh5 17. Ne4 g4 18. fxg4 Ng3+ 19. Kg1 Nxf1 20. Bxf1 b6 21. a4 Bh6
22. Qd3 Na6 23. a5 Kb7 24. axb6 cxb6 25. c5 Nxc5 26. Nxc5+ dxc5 27. Qa6+ Kc7 28.
Qxb6+ Kc8 29. Ba6+ Kd7 30. Bb5+ Kc8 31. Qb8# 1-0

[Event "Titled Tue 20th May Early"]
[Site "chess.com INT"]
[Date "2025.05.20"]
[Round "8"]
[White "Tursunalieva, Nurelina"]
[Black "Lyutsinger, Iren"]
[Result "0-1"]
[WhiteTitle "WCM"]
[BlackTitle "FM"]
[WhiteElo "1810"]
[BlackElo "2266"]
[WhiteFideId "13817329"]
[BlackFideId "34425969"]
[EventDate "2025.05.20"]

1. e4 c5 2. d4 cxd4 3. c3 dxc3 4. Nxc3 Nc6 5. Nf3 d6 6. Bc4 a6 7. O-O Nf6 8. e5
dxe5 9. Qxd8+ Nxd8 10. Nxe5 e6 11. Rd1 Be7 12. h3 O-O 13. Be3 b5 14. Bb3 Bb7 15.
Nd7 Bc6 16. Nxf8 Bxf8 17. Bg5 Nb7 18. Bxf6 gxf6 19. Bc2 Nc5 20. b4 Nd7 21. a3
Ne5 22. Ne4 f5 23. Nc3 Kh8 24. Rac1 Bh6 25. Rb1 Rg8 26. g3 Nf3+ 27. Kf1 Nd2+ 28.
Ke1 Nxb1 29. Nxb1 Rc8 30. Bb3 Bf3 31. Rd6 Rc1+ 32. Bd1 Rxb1 33. Rd8+ Kg7 34. h4
Rxd1+ 35. Rxd1 Bxd1 36. Kxd1 Kf6 37. Ke2 Ke5 38. Kd3 Kd5 39. f4 Bg7 40. h5 h6
41. Ke3 Kc4 42. Kd2 Bb2 43. Kc2 Bxa3 44. Kd2 Bxb4+ 45. Ke2 a5 46. Kf3 a4 47. g4
fxg4+ 0-1

[Event "Titled Tue 20th May Early"]
[Site "chess.com INT"]
[Date "2025.05.20"]
[Round "8"]
[White "Kosteniuk, Alexandra"]
[Black "Bok, Benjamin"]
[Result "1-0"]
[WhiteTitle "GM"]
[BlackTitle "GM"]
[WhiteElo "2479"]
[BlackElo "2591"]
[WhiteFideId "4128125"]
[BlackFideId "1017063"]
[EventDate "2025.05.20"]

1. e4 c5 2. c3 Nf6 3. e5 Nd5 4. Nf3 d6 5. Bc4 Nb6 6. Bb3 c4 7. Ba4+ Nc6 8. O-O
Bg4 9. Bxc6+ bxc6 10. exd6 exd6 11. Re1+ Be7 12. Qe2 Qd7 13. h3 Bf5 14. Na3 Bd3
15. Qe3 h6 16. b3 Rb8 17. bxc4 Bxc4 18. Nxc4 Nxc4 19. Qd4 Ne5 20. Nxe5 dxe5 21.
Qxe5 Rb5 22. Qxg7 Rf8 23. Ba3 Rg5 24. Qd4 c5 25. Bxc5 1-0

[Event "Titled Tue 20th May Early"]
[Site "chess.com INT"]
[Date "2025.05.20"]
[Round "8"]
[White "Herrera Ortiz, Miguel"]
[Black "Fieberg, Samuel"]
[Result "1-0"]
[WhiteTitle "IM"]
[BlackTitle "FM"]
[WhiteElo "2174"]
[BlackElo "2157"]
[WhiteFideId "5100550"]
[BlackFideId "12901717"]
[EventDate "2025.05.20"]

1. e4 e6 2. d4 d5 3. Nd2 c5 4. exd5 Qxd5 5. Ngf3 cxd4 6. Bc4 Qd6 7. O-O Nf6 8.
Nb3 Nc6 9. Nbxd4 Nxd4 10. Nxd4 Be7 11. c3 O-O 12. Qf3 Qc7 13. Bd3 Re8 14. Bg5 e5
15. Nf5 e4 16. Bxe4 Nxe4 17. Qxe4 f6 18. Be3 Qd7 19. Nxe7+ Qxe7 20. Qxe7 Rxe7
21. Rfd1 a6 22. Rd8+ Kf7 23. Rad1 b5 24. R1d6 Re6 25. Rd2 Bb7 26. R8d7+ Re7 27.
Bc5 1-0

[Event "Titled Tue 20th May Early"]
[Site "chess.com INT"]
[Date "2025.05.20"]
[Round "8"]
[White "Antoniou, Rafail"]
[Black "King, Alexander"]
[Result "1-0"]
[WhiteTitle "CM"]
[BlackTitle "FM"]
[WhiteElo "2134"]
[BlackElo "2263"]
[WhiteFideId "5904390"]
[BlackFideId "2063620"]
[EventDate "2025.05.20"]

1. e4 e6 2. d4 d5 3. Nc3 Bb4 4. exd5 exd5 5. Bd3 Nf6 6. Ne2 O-O 7. O-O c5 8.
dxc5 Bxc5 9. Bg5 h6 10. Bxf6 Qxf6 11. Nxd5 Qd8 12. Nec3 Nc6 13. Qh5 Bd4 14. Rad1
Be6 15. Nf4 Qf6 16. Nxe6 fxe6 17. Ne4 Qe5 18. Qxe5 Nxe5 19. c3 Bb6 20. Be2 Rad8
21. g3 g5 22. Kg2 Kg7 23. Nd6 g4 24. Ne4 h5 25. h3 Kg6 26. hxg4 hxg4 27. Nd6 Kg7
28. Nxb7 Rxd1 29. Bxd1 Rb8 30. Nd6 Bc7 31. Ne4 Rxb2 32. Bb3 Kf7 33. Ng5+ Kf6 34.
Nxe6 Bb6 35. Nf4 Nf3 36. Nd5+ 1-0

[Event "Titled Tue 20th May Early"]
[Site "chess.com INT"]
[Date "2025.05.20"]
[Round "8"]
[White "Terron Elena, Francisco M."]
[Black "Daspres, Loic"]
[Result "1-0"]
[WhiteTitle "FM"]
[BlackTitle "CM"]
[WhiteElo "2148"]
[BlackElo "2207"]
[WhiteFideId "2210576"]
[BlackFideId "20612281"]
[EventDate "2025.05.20"]

1. e4 c5 2. Nf3 e6 3. c3 Nf6 4. Bd3 Nc6 5. O-O d5 6. e5 Nd7 7. Bb5 Qc7 8. d4 Be7
9. Re1 a6 10. Bf1 O-O 11. a3 f6 12. exf6 Nxf6 13. b4 c4 14. Bg5 Ne4 15. Bxe7
Qxe7 16. Bxc4 Qf6 17. Bd3 Ng5 18. Nxg5 Qxg5 19. Nd2 e5 20. Nf3 Rxf3 21. Qxf3 e4
22. Bxe4 dxe4 23. Qxe4 Kf7 24. Qe8+ Kf6 25. f4 Qg6 26. Qf8+ Qf7 27. Qd6+ Be6 28.
d5 Re8 29. dxc6 g6 30. c7 1-0

[Event "Titled Tue 20th May Early"]
[Site "chess.com INT"]
[Date "2025.05.20"]
[Round "8"]
[White "Gibala, Adam"]
[Black "Badacsonyi, Stanley"]
[Result "0-1"]
[WhiteTitle "CM"]
[BlackTitle "FM"]
[WhiteElo "2239"]
[BlackElo "2289"]
[WhiteFideId "21070288"]
[BlackFideId "486973"]
[EventDate "2025.05.20"]

1. c4 Nf6 2. Nc3 g6 3. e4 d6 4. d4 Bg7 5. Nf3 O-O 6. Bd3 Nc6 7. O-O e5 8. d5 Nd4
9. Be3 Nxf3+ 10. Qxf3 Ng4 11. Bd2 f5 12. h3 Nh6 13. Qe2 fxe4 14. Nxe4 Nf5 15.
Be3 Bd7 16. c5 Qe7 17. Rac1 Rac8 18. Rc2 h6 19. Rfc1 b6 20. b4 Ba4 21. Rc3 Be8
22. Ba6 Rd8 23. cxd6 cxd6 24. Rc7 Rd7 25. R7c6 Bf7 26. Bc4 Qh4 27. b5 Qxe4 0-1

[Event "Titled Tue 20th May Early"]
[Site "chess.com INT"]
[Date "2025.05.20"]
[Round "8"]
[White "Sklokin, Sergey"]
[Black "Scheglov, Gleb"]
[Result "0-1"]
[WhiteTitle "FM"]
[BlackTitle "FM"]
[WhiteElo "2311"]
[BlackElo "2318"]
[WhiteFideId "55730230"]
[BlackFideId "34356266"]
[EventDate "2025.05.20"]

1. d4 d6 2. c4 e5 3. dxe5 dxe5 4. Qxd8+ Kxd8 5. Nc3 Be6 6. b3 c6 7. Bb2 f6 8.
O-O-O+ Kc7 9. e4 Nd7 10. f3 a5 11. a4 Nh6 12. Nge2 Nf7 13. g3 Bc5 14. h4 Nd6 15.
Bh3 Be3+ 16. Kc2 Nc5 17. Bxe6 Nxe6 18. Rd3 Bc5 19. Rhd1 Rhd8 20. Kb1 Bd4 21.
Nxd4 exd4 22. Nd5+ cxd5 23. cxd5 Nc5 24. Rc1 b6 25. Bxd4 Nb7 26. Re3 Re8 27. Kb2
Rad8 28. g4 Kd6 29. g5 f5 30. Bxg7 fxe4 31. fxe4 Rxe4 32. Rxe4 Nxe4 33. Rc6+
Kxd5 34. Rxb6 Nbc5 35. Rh6 Rd7 36. Bc3 Rb7 37. Bxa5 Rxb3+ 38. Kc2 Ra3 39. Rxh7
Rxa4 40. Be1 Ra2+ 41. Kb1 Re2 42. Bb4 Nd3 43. Ba5 Nec5 44. g6 Rb2+ 0-1

[Event "Titled Tue 20th May Early"]
[Site "chess.com INT"]
[Date "2025.05.20"]
[Round "8"]
[White "Naranjo Moreno, Antonio"]
[Black "Jake Shanty"]
[Result "0-1"]
[WhiteTitle "FM"]
[BlackTitle "FM"]
[WhiteElo "2289"]
[BlackElo "2252"]
[WhiteFideId "2278626"]
[BlackFideId "33478066"]
[EventDate "2025.05.20"]

1. e4 c5 2. Nf3 d6 3. d4 cxd4 4. Nxd4 Nf6 5. Nc3 a6 6. Bg5 e6 7. f4 Be7 8. Qf3
Qc7 9. O-O-O Nbd7 10. g4 h6 11. Bxf6 Bxf6 12. h4 Nb6 13. g5 Bxd4 14. Rxd4 Qc5
15. Qd3 hxg5 16. b4 Qc7 17. fxg5 Bd7 18. Rxd6 Rc8 19. Qd4 Qxc3 20. Qxc3 Rxc3 21.
Rxb6 Rc7 22. Rd6 Ke7 23. Rd2 g6 24. Bd3 Bc6 25. Rf2 Rd7 26. Rf4 Rd4 27. a3 e5
28. Rg4 a5 29. b5 Bd7 30. Rg3 Be6 31. Rf3 b6 32. c3 Rdd8 33. a4 Rh5 34. Rf2 Rxd3 0-1